000 00533nam a2200181Ia 4500
008 151018s9999 xx 000 0 und d
082 _bRBASDV15983
_a891.463
100 _aराजा राजवाडे
245 _aकहाणी
250 _b1
260 _bमेनका प्रकाशन पुणे
_c1972
300 _a149
600 _aराजा राजवाडे
630 _aकहाणी
700 _aराजा राजवाडे
730 _aकहाणी
942 _cBOOK
999 _c1016703
_d1016700